000
00314 a2200133 4500
020
_a
9695191207
090
_c
5850
_d
5850
100
_a
Ibn Arabi
245
_a
The Meccan Revelations
_b
Part II
260
_a
Lahore
_b
Suhail Academy
_c
2005
300
_a
269 p.
500
_a
Hardcover
942
_a
NBS
_c
BK
_k
297.4 ARA
999
_c
348247
_d
348247